Central Library, Doon University
WEBOPAC (ONLINE PUBLIC ACCESS CATALOGUE)

Role of Tradition in Japan's Industrialization (Record no. 60545)

MARC details
000 -LEADER
fixed length control field 00500nam a22001817a 4500
005 - DATE & TIME
control field 20260318121324.0
008 - FIXED-LENGTH DATA ELEMENTS--GENERAL INFORMATION
fixed length control field 260318b |||||||| |||| 00| 0 eng d
020 ## - ISBN
International Standard Book Number 9780198292746
Price 13194.50
040 ## - CATALOGING SOURCE
Original cataloging agency Doon University
041 ## - Language
Language Japanese
082 ## - DDC NUMBER
Classification number 338.0952
Book Number ROL
100 ## - MAIN ENTRY--PERSONAL NAME
Personal name Tanimoto, Masayuki
245 ## - TITLE STATEMENT
Title Role of Tradition in Japan's Industrialization
260 ## - PUBLICATION, DISTRIBUTION, ETC. (IMPRINT)
Place of publication, distribution, etc New Delhi
Name of publisher, distributor, etc Oxford University Press
Date of publication, distribution, etc 2006
300 ## - PHYSICAL DESCRIPTION
Pages 342
Other Details Vol.2nd
650 ## - Subject
Subject Japanese Language
942 ## - ADDED ENTRY ELEMENTS (KOHA)
Koha item type Books
100 ## - MAIN ENTRY--PERSONAL NAME
-- 26522
952 ## - LOCATION AND ITEM INFORMATION (KOHA)
-- 2026-03-18
Holdings
Withdrawn status Lost status Source of classification or shelving scheme Damaged status Not for loan Location (home branch) Sublocation or collection (holding branch) Date acquired Koha issues (times borrowed) Koha full call number Accession No. Koha date last seen Koha item type
          Doon University Doon University 18.03.2026   338.0952 ROL 53504 18.03.2026 Books
Contact : +91-135-2533126 (Library),+91-135-2533105 (Admin Office) , Email : doonlibrary@gmail.com

Powered by Koha